Английский язык: учебник устного перевода

Podrobná bibliografie
Hlavní autor: Миньяр-Белоручева А. П. Алла Петровна
Další autoři: Миньяр-Белоручев К. В. Константин Валерьевич
Shrnutí:«Английский язык. Учебник устного перевода» ориентирован на обучение различным видам устного перевода: переводу с листа, последовательному и синхронному переводам. Данный учебник предназначен для студентов старших курсов гуманитарных вузов, для которых перевод не является основной специальностью. Учебник может быть также использован на начальном этапе обучения на переводческих факультетах.
Jazyk:ruština
angličtina
Vydáno: Москва, Экзамен, 2008
Vydání:4-е изд., стер.
Edice:Учебник для вузов
Témata:
Médium: MixedMaterials Kniha
KOHA link:https://koha.lib.tpu.ru/cgi-bin/koha/opac-detail.pl?biblionumber=143572

MARC

LEADER 00000nam0a2200000 4500
001 143572
005 20231101221034.0
010 |a 9785377010067 
035 |a (RuTPU)RU\TPU\book\155586 
090 |a 143572 
100 |a 20080919d2008 m y0rusy50 ca 
101 0 |a rus  |a eng 
102 |a RU 
105 |a y j 000zy 
200 1 |a Английский язык  |e учебник устного перевода  |f А. П. Миньяр-Белоручева, К. В. Миньяр-Белоручев 
205 |a 4-е изд., стер. 
210 |a Москва  |c Экзамен  |d 2008 
215 |a 350 с. 
225 1 |a Учебник для вузов 
330 |a «Английский язык. Учебник устного перевода» ориентирован на обучение различным видам устного перевода: переводу с листа, последовательному и синхронному переводам. Данный учебник предназначен для студентов старших курсов гуманитарных вузов, для которых перевод не является основной специальностью. Учебник может быть также использован на начальном этапе обучения на переводческих факультетах. 
606 1 |a Английский язык  |x Учебные пособия для высшей школы  |x Перевод  |x Стилистика  |2 stltpush  |3 (RuTPU)RU\TPU\subj\67657  |9 83378 
610 1 |a лексика 
610 1 |a устный перевод 
610 1 |a грамматика 
610 1 |a глаголы 
610 1 |a сложные предложения 
686 |a Ш143.21-923.7  |v LBC/SL-A  |2 rubbk 
700 1 |a Миньяр-Белоручева  |b А. П.  |g Алла Петровна 
701 1 |a Миньяр-Белоручев  |b К. В.  |g Константин Валерьевич 
801 1 |a RU  |b 63413507  |c 20080919  |g PSBO 
801 2 |a RU  |b 63413507  |c 20090910  |g PSBO 
900 |a Английский язык 
942 |c BK 
951 |a 520000 
959 |a 73/20080716  |d 1  |e 210,00  |f ЧЗИЛ:1